000 01454cam a2200361 a 4500
001 15210239
003 ARRUPE
005 20220421094151.0
008 070614s2007 nyua 001 0 eng
010 _a 2007023494
015 _aGBA725805
_2bnb
016 7 _a013708742
_2Uk
020 _a0071490698 (alk. paper)
020 _a9780071490696 (alk. paper)
035 _a(OCoLC)ocn123113359
040 _aDLC
_cDLC
_dDLC
050 0 0 _aZ52.5.M52
_bH373 2007
082 0 0 _a005.52
_222
100 1 _aHart-Davis, Guy.
_951374
245 1 0 _aHow to do everything with Microsoft Office Word 2007 /
_cGuy Hart-Davis.
246 3 0 _aMicrosoft Office Word 2007
260 _aNew York :
_bMcGraw-Hill,
_cc2007.
300 _axviii, 486 p. :
_bill. ;
_c24 cm.
500 _aIncludes index.
630 0 0 _aMicrosoft Word.
_951375
650 0 _aWord processing.
_951376
856 4 1 _3Table of contents only
_uhttp://www.loc.gov/catdir/toc/ecip0720/2007023494.html
856 4 2 _3Contributor biographical information
_uhttp://www.loc.gov/catdir/enhancements/fy0729/2007023494-b.html
856 4 2 _3Publisher description
_uhttp://www.loc.gov/catdir/enhancements/fy0729/2007023494-d.html
906 _a7
_bcbc
_corignew
_d1
_eecip
_f20
_gy-gencatlg
942 _2lcc
_cMONOGRAPH
999 _c131323
_d131323